[Event "DFMMLV 2017"]
[Site "Braunfels"]
[Date "2017.06.18"]
[Round "5"]
[White "Steimbach, Isabel"]
[Black "Winterholler, Christina"]
[Result "0-1"]
[WhiteElo "1972"]
[BlackElo "2064"]
[Annotator "NA"]
[PlyCount "86"]
[EventDate "2017.??.??"]
[EventType "team-tourn"]
[EventCountry "GER"]
[SourceTitle "playchess.com"]
[Source "ChessBase"]
[SourceQuality "1"]
[TimeControl "40/5400+30:1800+30"]

{[%evp 13,86,70,31,-8,4,-4,-30,-24,4,0,39,36,53,25,41,30,94,89,148,-82,-70,-228,-259,-326,-394,-349,-415,32767,-607,-678,-500,-464,-513,-495,32767,-476,-514,32767,32767,32767,32767,-614,32767,32767,32767,32767,32767,-672,-663,32767,32767,32767,32767,32767,32767,32767,32767,32767,32767,-1053,-1758,32767,-6299,-29993,32767,-1789,-5209,-1189,-6618,32767,-29988,32767,32767,32767,-3764]} 1. e4 {[%emt 0:00:00]} d5 {[%emt 0:02:46]} 2. exd5 {[%emt 0:00:00]} Nf6 {[%emt 0:00:10]} 3. d4 {[%emt 0:00:10]} Nxd5 {[%emt 0:00:10]} 4. c4 {[%emt 0:00:12]} Nb6 {[%emt 0:00:09]} 5. Nf3 {[%emt 0:00:26]} g6 {[%emt 0:00:06]} 6. Be3 {[%emt 0:01:25]} Bg7 {[%emt 0:00:15]} 7. Nc3 {[%emt 0:00:45]} O-O {[%emt 0:01:04] B01: Scandinavian Defence} 8. c5 {[%emt 0:01:23]} (8. Qd2 $14) (8. Be2 Bg4 9. Qb3 Nc6 10. O-O-O Bxf3 11. gxf3 e6 12. h4 a5 13. d5 exd5 14. cxd5 a4 15. Qb5 Na7 16. Qb4 {1-0 (33) Solodovnichenko,Y (2543)-Danin,A (2575) Koge 2013}) 8... Nd5 {[%emt 0:01:32]} 9. Bc4 {[%emt 0:02:59]} Nxe3 {[%emt 0:07:24]} 10. fxe3 {[%emt 0:00:14]} Nc6 {[%emt 0:01:58]} 11. O-O {[%emt 0:01:34]} Bh6 $146 {[%emt 0:11:10]} ({Predecessor:} 11... Bf5 12. a3 e6 13. h3 e5 {1-0 (71) Caporale,G (1787)-Yoshioka,H (1523) Sao Paulo 2013}) 12. Qe2 {[%emt 0:02:15]} Bg4 {[%emt 0:05:46]} 13. h3 {[%emt 0:05:15]} Bxf3 {[%emt 0:06:08]} 14. Rxf3 {[%emt 0:01:49]} e5 {[%emt 0:04:09]} (14... e6 $11) 15. d5 {[%emt 0:01:16]} e4 {[%emt 0:03:25] [#]} (15... Na5 $142) 16. Rg3 $2 {[%emt 0:09:25]} ({Don't do} 16. Nxe4 $6 Ne5 $11) (16. Rxf7 $1 $16 {[%mdl 512] keeps the pressure on.} Kxf7 (16... Rxf7 17. dxc6) 17. dxc6+ Kg7 18. cxb7) 16... Ne5 {[%emt 0:01:04]} 17. Nxe4 $2 {[%emt 0:00:22] [#]} (17. h4 $17) 17... Qh4 $1 {[%emt 0:03:13]} 18. Qc2 {[%emt 0:13:09]} f5 {[%emt 0:05:48]} 19. d6+ {[%emt 0:05:50]} Kh8 {[%emt 0:01:52]} 20. Qc3 {[%emt 0:05:50]} Bg7 {[%emt 0:00:54]} ({And not} 20... fxe4 21. Qxe5+ Bg7 22. Qg5 $16) 21. Qe1 {[%emt 0:08:26]} Qxe4 {[%emt 0:04:59]} 22. Bb3 {[%emt 0:01:25]} cxd6 {[%emt 0:03:30]} 23. cxd6 {[%emt 0:02:03]} Rad8 {[%emt 0:05:25]} 24. Rd1 {[%emt 0:01:24]} Nd3 {[%emt 0:03:09]} 25. Qa5 {[%emt 0:05:51]} Rxd6 {[%emt 0:00:53]} 26. Rf3 {[%emt 0:03:29]} Rfd8 {[%emt 0:03:22]} 27. Bc2 {[%emt 0:01:27]} Qe7 {[%emt 0:03:34]} 28. Qxa7 {[%emt 0:04:01]} Ra6 {[%emt 0:01:27]} 29. Qxa6 {[%emt 0:01:03]} bxa6 {[%emt 0:00:01]} 30. Rxd3 {[%emt 0:00:39]} Rxd3 {[%emt 0:01:14]} 31. Bxd3 {[%emt 0:00:05]} Qd6 {[%emt 0:00:39]} 32. Bc4 {[%emt 0:03:03]} Bxb2 {[%emt 0:00:57]} 33. Bb3 {[%emt 0:00:31]} Qc5 {[%emt 0:00:49]} 34. Kf2 {[%emt 0:01:57]} Bc1 {[%emt 0:00:37]} 35. Ke2 {[%emt 0:01:17]} Qc3 {[%emt 0:00:30]} 36. Kf2 {[%emt 0:00:19]} Qd2+ {[%emt 0:00:29]} 37. Kg3 {[%emt 0:01:26]} Qe1+ {[%emt 0:00:15]} (37... Ba3 $142 38. Rf1 Qxe3+ 39. Kh2 Bd6+ 40. Kh1 Qg3 41. Kg1 Qh2+ 42. Kf2 Qf4+ 43. Ke2 Qe4+ 44. Kd1 Qd3+ 45. Ke1 Qe3+ 46. Kd1 Bb4 47. Rf2 Qxf2 48. Kc1 Qd2+ 49. Kb1 Ba3 50. h4 Qc1#) 38. Kf4 {[%emt 0:00:29]} Qh4+ {[%emt 0:05:31]} 39. g4 {[%emt 0:02:31]} h5 {[%emt 0:00:38]} (39... Ba3 $142 40. e4 Qe1 41. Re3 Bc1 42. gxf5 Qxe3+ 43. Ke5 gxf5 44. Kxf5 Qf4+ 45. Ke6 Qxe4+ 46. Kd6 Bf4+ 47. Kc5 Qd3 48. Bf7 Qd6+ 49. Kc4 Qc7+ 50. Kd4 Qxf7 51. a4 Qd7+ 52. Ke4 Qd2 53. a5 Kg7 54. Kf3 Qe3+ 55. Kg2 h5 56. Kf1 Bg3 57. Kg2 Qf2+ 58. Kh1 Qh2#) 40. Ke5 {[%emt 0:02:16]} Qe7+ {[%emt 0:34:18]} 41. Kf4 {[%emt 0:31:50]} Qe4+ {[%emt 0:00:47]} 42. Kg3 {[%emt 0:00:30]} hxg4 {[%emt 0:00:45]} 43. hxg4 {[%emt 0:00:48]} Qxg4+ $19 {[%emt 0:01:05]} 0-1

[Event "DFMMLV 2017"]
[Site "Braunfels"]
[Date "2017.06.18"]
[Round "5"]
[White "Zimmer, Elke"]
[Black "Hielscher, Ursula"]
[Result "1/2-1/2"]
[WhiteElo "1951"]
[BlackElo "1835"]
[Annotator "NA RC"]
[PlyCount "123"]
[EventDate "2017.??.??"]
[EventType "team-tourn"]
[EventCountry "GER"]
[SourceTitle "playchess.com"]
[Source "ChessBase"]
[SourceQuality "1"]
[TimeControl "40/5400+30:1800+30"]

{[%evp 13,123,0,13,2,1,0,7,-15,-1,-18,11,-31,9,5,32,-27,-30,-36,-35,-59,-25,-18,32767,-29,-28,-267,-272,-288,32767,-299,-300,-301,-303,-320,32767,32767,32767,32767,32767,32767,32767,-378,32767,32767,32767,32767,-283,32767,32767,32767,-207,32767,-11,0,32767,32767,110,72,100,111,209,32767,32767,31,56,32767,32767,22,32767,32767,32767,32767,32767,32767,32767,32767,124,110,32767,32767,32767,42,31,0,0,0,44,0,113,103,111,99,108,103,108,84,102,65,32767,32767,69,32767,32767,32767,50,32767,0,0,0,0,0,0]} 1. d4 {[%emt 0:00:00]} d5 {[%emt 0:00:11]} 2. Bf4 {[%emt 0:00:00]} Nf6 {[%emt 0:00:10]} 3. e3 {[%emt 0:00:00]} Bf5 {[%emt 0:00:28]} 4. Bd3 {[%emt 0:00:50]} Bxd3 {[%emt 0:00:09] D00: 1 d4 d5: Unusual lines} 5. Qxd3 {[%emt 0:00:06]} c6 {[%emt 0:00:19]} 6. Nd2 {[%emt 0:01:11]} e6 {[%emt 0:00:39]} 7. Ne2 {[%emt 0:09:12]} (7. Ngf3 Be7 8. O-O O-O 9. h3 Nbd7 10. a4 c5 11. a5 c4 12. Qe2 b5 13. axb6 axb6 14. Ne5 Nxe5 15. dxe5 {1-0 (45) Carlsen,M (2855)-Giri,A (2785) Bilbao 2016}) 7... Nbd7 {[%emt 0:01:14]} 8. c3 $146 {[%emt 0:06:23]} ({Predecessor:} 8. O-O Nb6 9. e4 dxe4 10. Nxe4 Nxe4 11. Qxe4 Bd6 12. Bxd6 Qxd6 {0-1 (28) Ziukaite,I-Kadusauskas,J (1367) Kaunas 2015}) 8... Be7 {[%emt 0:04:21]} 9. h3 {[%emt 0:00:32]} O-O {[%emt 0:05:46]} 10. g4 {[%emt 0:04:30]} Ne8 {[%emt 0:03:05]} 11. Nf3 {[%emt 0:07:30]} Bd6 {[%emt 0:12:11]} 12. h4 {[%emt 0:12:35]} Bxf4 {[%emt 0:02:28]} 13. Nxf4 {[%emt 0:00:11]} Qc7 {[%emt 0:01:39]} 14. Ng5 {[%emt 0:08:17]} Nef6 {[%emt 0:02:28]} 15. O-O-O {[%emt 0:10:41]} Rfe8 {[%emt 0:02:31]} 16. Nh5 {[%emt 0:02:44]} e5 {[%emt 0:04:40]} 17. Qf5 {[%emt 0:08:24]} Qd6 {[%emt 0:08:19]} 18. Nxf6+ {[%emt 0:03:56]} Nxf6 {[%emt 0:03:04]} 19. Nxf7 $2 {[%emt 0:02:30]} (19. h5 $11 {and White has nothing to worry.}) 19... Kxf7 {[%emt 0:02:47]} 20. g5 {[%emt 0:00:05]} Qe6 {[%emt 0:01:06]} 21. Qf3 $2 {[%emt 0:02:42]} (21. Qxe6+ $11 Rxe6 22. gxf6) 21... Qg4 {[%emt 0:01:40]} 22. Rh3 {[%emt 0:03:32]} e4 {[%emt 0:00:17]} 23. Qh1 {[%emt 0:01:02]} Nd7 {[%emt 0:06:36]} 24. Rg3 {[%emt 0:01:05]} Qe6 {[%emt 0:03:01]} 25. g6+ {[%emt 0:02:09]} hxg6 {[%emt 0:04:56]} 26. Rdg1 {[%emt 0:02:09]} Rh8 {[%emt 0:02:00]} 27. Qg2 {[%emt 0:01:39]} Nf8 {[%emt 0:03:20]} 28. Rg4 {[%emt 0:00:16]} Ke7 {[%emt 0:01:38]} 29. Qg3 {[%emt 0:00:26]} Qd6 {[%emt 0:02:46]} 30. Rf4 {[%emt 0:00:06]} Qe6 {[%emt 0:03:36]} 31. f3 {[%emt 0:01:59]} Kd7 {[%emt 0:02:52]} 32. fxe4 {[%emt 0:00:15]} dxe4 $2 {[%emt 0:00:55]} ({Black should play} 32... Re8 $19 33. e5 Kc8) 33. Rgf1 {[%emt 0:00:19]} Re8 {[%emt 0:00:55]} 34. Rf7+ {[%emt 0:00:11]} Re7 {[%emt 0:03:03]} 35. Rxf8 {[%emt 0:00:42]} Rxf8 {[%emt 0:00:06]} 36. Rxf8 {[%emt 0:00:05]} Rf7 {[%emt 0:02:45]} (36... Re8 $16 37. Rf4 Qxa2) 37. Rxf7+ {[%emt 0:01:37]} Qxf7 {[%emt 0:00:02]} 38. Qg4+ {[%emt 0:00:08]} Qf5 {[%emt 0:00:53]} (38... Qe6 $5 {[%cal Re6g4]} 39. Qg3 Qf5 $14) 39. Qf4 {[%emt 0:00:43]} Qd5 {[%emt 0:06:09]} 40. b3 {[%emt 0:00:34]} (40. Qf8 $5 {[%cal Rf8g7]}) 40... Qa5 {[%emt 0:31:28]} 41. Qf7+ {[%emt 0:31:17]} Kc8 {[%emt 0:01:49]} 42. Qf8+ {[%emt 0:00:13]} Kd7 {[%emt 0:00:23]} 43. Qxg7+ {[%emt 0:00:08]} Kc8 {[%emt 0:00:13]} 44. Qf8+ {[%emt 0:01:16]} Kd7 {[%emt 0:00:18]} 45. Qf7+ {[%emt 0:00:06]} Kd8 {[%emt 0:00:58]} 46. Kb2 {[%emt 0:00:16]} Qh5 $1 $11 {[%emt 0:01:13] remains equal.} 47. Qf8+ $2 {[%emt 0:01:02]} (47. Qxb7 $18 Qxh4 48. Qb8+ Kd7 49. Qxa7+ Kc8 50. Qf7) 47... Kd7 {[%emt 0:00:55]} 48. Qg7+ {[%emt 0:00:26]} Kc8 $1 {[%emt 0:00:30]} 49. Qf8+ {[%emt 0:01:01]} Kd7 {[%emt 0:00:23]} 50. Qf7+ {[%emt 0:00:04]} Kc8 {[%emt 0:01:07]} 51. Qe6+ {[%emt 0:00:42]} Kc7 {[%emt 0:00:37]} 52. Qxe4 {[%emt 0:04:56]} Qe2+ {[%emt 0:00:17] [#]} 53. Qc2 $1 {[%emt 0:00:05]} Qxe3 {[%emt 0:00:21]} 54. Qh2+ {[%emt 0:00:38]} Kd7 {[%emt 0:01:20]} 55. a4 {[%emt 0:00:36]} a5 {[%emt 0:00:00]} 56. Qg2 {[%emt 0:00:00]} Qe6 {[%emt 0:00:00]} 57. c4 {[%emt 0:00:00]} Qf6 {[%emt 0:00:00]} 58. Qg4+ {[%emt 0:00:00]} Kc7 {[%emt 0:00:00]} 59. Qe4 {[%emt 0:00:00]} Qf2+ {[%emt 0:00:00]} 60. Kc3 {[%emt 0:00:00]} Qg3+ {[%emt 0:00:00]} 61. Qd3 {[%emt 0:00:00]} (61. Kc2 $5 {[%cal Re4e5]} Qf2+ 62. Kd1 $11) 61... Qe1+ {[%emt 0:00:00]} 62. Kc2 $11 {[%emt 0:00:00]} (62. Qd2 $5 {[%cal Rd2e1]} Qa1+ 63. Kd3 $11) 1/2-1/2

[Event "DFMMLV 2017"]
[Site "Braunfels"]
[Date "2017.06.18"]
[Round "5"]
[White "Bakalarz, Grazyna"]
[Black "Fuchs, Antje"]
[Result "1-0"]
[WhiteElo "1946"]
[BlackElo "2052"]
[Annotator "NA RC"]
[PlyCount "139"]
[EventDate "2017.??.??"]
[EventType "team-tourn"]
[EventCountry "GER"]
[SourceTitle "playchess.com"]
[Source "ChessBase"]
[SourceQuality "1"]
[TimeControl "40/5400+30:1800+30"]

{[%evp 14,130,27,0,0,0,8,0,79,39,90,55,65,70,72,52,56,57,71,55,74,75,100,95,85,69,86,84,89,85,88,87,92,74,86,81,32767,72,79,32767,79,32767,32767,27,40,35,32767,32767,32767,32767,32767,32767,32767,32767,32767,32767,32767,32767,32767,32767,32767,18,32767,77,135,58,66,72,32767,32767,32767,50,32767,72,32767,97,32767,127,143,64,32767,21,63,0,0,0,115,0,320,343,371,467,329,385,416,432,418,329,372,422,32767,32767,32767,32767,1150,32767,539,32767,1308,1334,1166,498,345,545,614,868,995,1076,1264]} 1. d4 {[%emt 0:00:00]} Nf6 {[%emt 0:00:29]} 2. Nf3 {[%emt 0:00:00]} g6 {[%emt 0:00:19]} 3. Bf4 {[%emt 0:00:00]} Bg7 {[%emt 0:00:19]} 4. e3 {[%emt 0:00:03]} d6 {[%emt 0:01:14]} 5. Be2 {[%emt 0:00:13]} Nh5 {[%emt 0:00:42] A48: 1 d4 Nf6 2 Nf3 g6: Torre, London and Colle Systems} (5... O-O 6. h3 Nc6 7. Nc3 Qe8 8. d5 Nb8 9. e4 e5 10. Bc1 Nh5 11. Nd2 f5 12. exf5 Nf4 13. f6 Qf7 14. Nde4 Bxf6 {1-0 (46) Savchenko,B (2636)-Kovchan,A (2577) Skopje 2017}) 6. Bg5 {[%emt 0:00:28]} c5 {[%emt 0:02:18]} 7. c3 {[%emt 0:00:38]} Qb6 {[%emt 0:01:32]} 8. Qb3 $146 {[%emt 0:04:10]} ({Predecessor:} 8. Qc1 h6 9. Bh4 Nc6 10. Na3 Bf5 11. O-O g5 12. Nd2 Bg6 13. Ndc4 {1-0 (37) Stepanov,N (1774)-Shakirov,R (2148) Kazan 2008}) 8... Qxb3 {[%emt 0:00:42]} 9. axb3 {[%emt 0:00:06]} h6 {[%emt 0:00:54]} 10. Bh4 {[%emt 0:00:52]} Bf5 {[%emt 0:04:00]} (10... g5 $11 {keeps the balance.} 11. Bg3 Be6) 11. Nfd2 {[%emt 0:06:52]} Nf6 {[%emt 0:00:29]} 12. Na3 {[%emt 0:03:35]} cxd4 {[%emt 0:06:59]} 13. exd4 {[%emt 0:02:20]} O-O {[%emt 0:02:44]} 14. Nb5 {[%emt 0:01:41]} (14. Bxf6 $5 Bxf6 15. Nac4 $11) 14... Nc6 {[%emt 0:08:18]} 15. Bxf6 {[%emt 0:07:21]} Bxf6 {[%emt 0:00:10]} 16. Nc7 {[%emt 0:02:23]} Rac8 {[%emt 0:03:22]} 17. Nd5 {[%emt 0:00:27]} a6 {[%emt 0:12:52]} 18. Nxf6+ {[%emt 0:05:52]} exf6 {[%emt 0:00:05]} 19. O-O {[%emt 0:02:48]} Kg7 {[%emt 0:03:44]} 20. Nc4 {[%emt 0:03:02]} Rcd8 {[%emt 0:01:29]} 21. b4 {[%emt 0:04:52]} Rfe8 {[%emt 0:01:07]} 22. Ne3 {[%emt 0:00:17]} Bc8 {[%emt 0:02:33]} 23. b5 {[%emt 0:02:58]} axb5 {[%emt 0:04:12]} 24. Bxb5 {[%emt 0:00:44]} Bd7 {[%emt 0:00:25]} 25. Bd3 {[%emt 0:05:10]} f5 {[%emt 0:04:54]} 26. Nd5 {[%emt 0:03:15]} Be6 {[%emt 0:05:01]} 27. Nc7 {[%emt 0:08:46]} Re7 {[%emt 0:00:15]} 28. Nb5 {[%emt 0:02:35]} Bd5 {[%emt 0:02:50]} 29. Rfe1 {[%emt 0:02:12]} Be4 {[%emt 0:02:30]} 30. Bf1 {[%emt 0:07:22]} f4 {[%emt 0:01:41]} 31. f3 {[%emt 0:03:05]} Bc2 {[%emt 0:04:10]} 32. Rxe7 {[%emt 0:01:16]} Nxe7 {[%emt 0:00:06]} 33. Ra7 {[%emt 0:06:40]} Rd7 {[%emt 0:01:06]} 34. g3 {[%emt 0:00:30]} fxg3 {[%emt 0:02:56]} 35. hxg3 {[%emt 0:00:42]} d5 {[%emt 0:02:04]} 36. Kf2 {[%emt 0:01:48]} Nc6 {[%emt 0:00:26]} 37. Ra8 {[%emt 0:01:39]} Re7 {[%emt 0:00:39]} 38. Nd6 {[%emt 0:02:15]} f6 {[%emt 0:05:47]} 39. Ra3 {[%emt 0:03:15]} (39. Re8 $16) 39... Rd7 {[%emt 0:03:37]} 40. Nc8 {[%emt 0:01:43]} h5 {[%emt 0:35:10]} 41. Bh3 {[%emt 0:32:28]} Rd8 {[%emt 0:01:19]} 42. Nb6 {[%emt 0:00:43]} Rd6 {[%emt 0:02:12]} 43. Na8 {[%emt 0:00:00]} Bd3 {[%emt 0:00:00]} 44. Ke3 {[%emt 0:00:00]} Bb1 {[%emt 0:00:00]} 45. Nc7 {[%emt 0:00:00]} Kf7 {[%emt 0:00:00]} 46. Ra8 {[%emt 0:00:00]} (46. Rb3 $16) 46... Ne7 {[%emt 0:00:00]} 47. Ra5 {[%emt 0:00:00]} Rb6 {[%emt 0:00:00]} 48. b4 {[%emt 0:00:00]} Rc6 {[%emt 0:00:00]} 49. Rc5 {[%emt 0:00:00]} Ba2 {[%emt 0:00:00]} (49... Bf5 $11 50. Bf1 Rd6) 50. b5 {[%emt 0:00:23]} (50. Bd7 $16) 50... Rxc5 $4 {[%emt 0:00:00]} (50... Rd6 $11 51. Na8 Bc4) 51. dxc5 {[%emt 0:00:02]} g5 {[%emt 0:00:00]} 52. Be6+ {[%emt 0:02:10]} Kg6 {[%emt 0:00:00]} 53. b6 {[%emt 0:01:25]} h4 {[%emt 0:00:00]} 54. gxh4 {[%emt 0:00:05]} gxh4 {[%emt 0:00:00]} 55. Kf4 {[%emt 0:01:10]} f5 {[%emt 0:00:00]} 56. Bd7 {[%emt 0:00:53]} Kf6 {[%emt 0:00:00]} 57. c6 {[%emt 0:00:54]} Ng6+ {[%emt 0:00:00]} 58. Ke3 {[%emt 0:00:10]} h3 {[%emt 0:00:00]} (58... Ne5 $142 59. Be8 Nc4+ 60. Kf4 Na5 61. cxb7 Nxb7) 59. cxb7 {[%emt 0:00:36]} h2 {[%emt 0:00:19]} 60. b8=Q {[%emt 0:00:18]} d4+ {[%emt 0:02:26]} (60... h1=Q $142 61. Ne8+ Kf7) 61. Kxd4 {[%emt 0:00:57]} h1=Q {[%emt 0:00:11]} 62. Nd5+ {[%emt 0:01:31]} (62. Ne8+ $142 Kf7 63. Nd6+ Kg7 64. Nxf5+ Kh7 65. Bb5 Qg1+ 66. Ne3) 62... Bxd5 {[%emt 0:01:01]} 63. Qd6+ {[%emt 0:00:18]} ({Weaker is} 63. Kxd5 Qxf3+ 64. Kd4 Qe4+ 65. Kc5 Qe3+ 66. Kb4 Qe7+ 67. Kb3 Qf7+ 68. Kc2 Qxd7 $11) 63... Kg7 {[%emt 0:01:20]} 64. Kxd5 {[%emt 0:00:22]} Qxf3+ {[%emt 0:00:24]} 65. Kc4 {[%emt 0:00:47]} Qe4+ $18 {[%emt 0:01:34]} 66. Kb5 {[%emt 0:00:58]} Ne5 {[%emt 0:01:42]} 67. Qe7+ {[%emt 0:00:38]} Kh6 {[%emt 0:00:36]} 68. Qf6+ {[%emt 0:00:10]} Ng6 {[%emt 0:00:22]} 69. Bxf5 {[%emt 0:00:25]} Qd5+ {[%emt 0:00:16]} 70. Kb4 {[%emt 0:00:33]} 1-0

[Event "DFMMLV 2017"]
[Site "Braunfels"]
[Date "2017.06.18"]
[Round "5"]
[White "Heil, Marina"]
[Black "Storkebaum, Ulrike"]
[Result "0-1"]
[WhiteElo "1890"]
[BlackElo "1803"]
[Annotator "NA RC"]
[PlyCount "135"]
[EventDate "2017.??.??"]
[EventType "team-tourn"]
[EventCountry "GER"]
[SourceTitle "playchess.com"]
[Source "ChessBase"]
[SourceQuality "1"]
[TimeControl "40/5400+30:1800+30"]

{[%evp 15,135,8,43,35,65,45,61,56,68,49,59,58,64,48,66,67,69,43,72,24,47,45,29,32767,-23,32767,58,45,45,58,45,40,76,32767,32767,32767,32767,32767,16,0,32767,32767,32767,32767,32767,32767,65,43,50,32767,30,0,17,25,53,47,32767,32767,32767,81,32767,32767,32767,32767,32767,32767,96,137,180,127,133,38,28,4,0,0,32767,-13,0,-172,-180,-174,-185,-167,-193,-168,-127,-121,-133,-137,-170,-187,-191,-133,-127,-294,-334,-334,-346,-439,32767,-360,-370,-2081,-409,-432,-467,32767,-397,-630,-1080,-1659,32767,-596,-1561,-12837,-1966,-4988,-1493,-12850,-4627,-12849]} 1. e4 {[%emt 0:00:00]} e5 {[%emt 0:00:09]} 2. Nf3 {[%emt 0:00:00]} Nc6 {[%emt 0:00:09]} 3. Bc4 {[%emt 0:00:00]} Nf6 {[%emt 0:00:06]} 4. d3 {[%emt 0:00:04]} Bc5 {[%emt 0:00:14]} 5. c3 {[%emt 0:00:06]} d6 {[%emt 0:02:00]} 6. Bb3 {[%emt 0:00:27]} O-O {[%emt 0:01:51]} 7. O-O {[%emt 0:00:27]} h6 {[%emt 0:00:55]} 8. Re1 {[%emt 0:02:57]} Bg4 {[%emt 0:04:20] C54: Giuoco Piano: 4 c3 Nf6, main lines with 5 d4 and 5 d3} (8... Re8 9. Nbd2 a6 10. Nf1 Ba7 11. Ng3 Be6 12. Bxe6 Rxe6 13. d4 d5 14. Nxe5 Nxe5 15. dxe5 Nxe4 16. Nxe4 dxe4 {0-1 (43) Movsesian,S (2672)-Bacrot,E (2720) Dubai 2014}) 9. h3 {[%emt 0:00:48]} Bxf3 {[%emt 0:05:33]} 10. Qxf3 {[%emt 0:00:07]} Qe7 $146 {[%emt 0:06:53]} ({Predecessor:} 10... Nh7 11. Qg3 Kh8 12. Bc2 Ne7 13. Kh1 f5 14. f4 fxe4 15. dxe4 exf4 16. Bxf4 {1-0 (41) Kristensen,K (2029)-Jensen,A (1341) Harstad 2006}) 11. Nd2 {[%emt 0:00:43]} Nh7 {[%emt 0:04:46]} 12. Nf1 {[%emt 0:01:18]} Qf6 {[%emt 0:07:22]} 13. Qg3 {[%emt 0:00:46]} Ne7 {[%emt 0:02:27]} 14. Ne3 {[%emt 0:01:32]} Kh8 {[%emt 0:11:00]} 15. Qg4 {[%emt 0:14:19]} Rad8 {[%emt 0:02:16]} 16. Rf1 {[%emt 0:12:12]} Qg6 {[%emt 0:04:35]} 17. Kh2 {[%emt 0:08:22]} Qxg4 {[%emt 0:04:48]} 18. hxg4 {[%emt 0:01:12]} c6 {[%emt 0:03:46]} 19. f4 {[%emt 0:11:12]} exf4 {[%emt 0:03:39]} 20. Rxf4 {[%emt 0:00:32]} Ng5 {[%emt 0:00:44]} (20... d5 $11) 21. Nf5 {[%emt 0:04:06]} Ng6 {[%emt 0:04:54]} 22. Rf1 {[%emt 0:00:33]} Bb6 {[%emt 0:06:16]} 23. Kg3 {[%emt 0:06:19]} (23. Bxg5 $5 hxg5 24. d4 $16) 23... d5 {[%emt 0:02:14]} 24. Rh1 {[%emt 0:02:50]} Bc7+ {[%emt 0:01:52]} 25. Kf2 {[%emt 0:00:19]} Bf4 {[%emt 0:06:57]} 26. exd5 {[%emt 0:07:45]} Bxc1 {[%emt 0:01:13]} 27. Raxc1 {[%emt 0:00:15]} Ne5 {[%emt 0:01:42]} 28. Ke2 {[%emt 0:03:08]} Nxg4 {[%emt 0:01:33]} 29. Rh4 {[%emt 0:02:11]} Rfe8+ {[%emt 0:01:01]} 30. Kd2 {[%emt 0:00:41]} Nf6 {[%emt 0:01:08]} 31. dxc6 {[%emt 0:02:16]} bxc6 {[%emt 0:00:27]} 32. d4 {[%emt 0:06:42]} c5 {[%emt 0:02:46]} 33. Rf1 {[%emt 0:01:06]} cxd4 {[%emt 0:00:29]} 34. Nxd4 {[%emt 0:02:09]} Nfe4+ {[%emt 0:03:08]} 35. Kc2 {[%emt 0:00:51]} f6 {[%emt 0:00:54]} 36. Rf5 {[%emt 0:02:21]} Ng3 {[%emt 0:00:42]} 37. Ra5 {[%emt 0:01:03]} Ne2 {[%emt 0:01:17]} 38. Bd5 {[%emt 0:03:08]} Nxd4+ {[%emt 0:00:28]} 39. Rxd4 {[%emt 0:00:27]} Re2+ {[%emt 0:01:23]} 40. Kb3 {[%emt 0:00:16]} Rb8+ {[%emt 0:30:27]} 41. Rb4 {[%emt 0:33:28]} Rxb4+ {[%emt 0:00:00]} 42. Kxb4 {[%emt 0:00:00]} Rxb2+ {[%emt 0:00:00]} 43. Kc5 {[%emt 0:00:00]} (43. Kc4 $16) 43... f5 {[%emt 0:00:00]} 44. Rxa7 {[%emt 0:00:00]} Ne4+ {[%emt 0:00:00]} 45. Kd4 {[%emt 0:00:00]} Rd2+ {[%emt 0:00:00]} 46. Kc4 {[%emt 0:00:00]} Kh7 {[%emt 0:00:00]} 47. g4 $2 {[%emt 0:00:00]} (47. Re7 $11) 47... Nf6 {[%emt 0:00:00]} 48. Be6 {[%emt 0:00:00]} fxg4 {[%emt 0:00:15]} 49. Bf5+ {[%emt 0:00:00]} Kg8 {[%emt 0:00:44]} 50. Ra8+ {[%emt 0:00:00]} Kf7 {[%emt 0:00:20]} 51. Ra7+ {[%emt 0:00:00] [#]} Kf8 $1 {[%emt 0:00:40]} 52. Ra8+ {[%emt 0:00:00]} Ke7 {[%emt 0:01:15]} 53. Ra7+ {[%emt 0:00:00] [#]} Kd6 $1 {[%emt 0:00:53]} 54. Rxg7 {[%emt 0:00:00]} Rxa2 {[%emt 0:00:09]} 55. Rg6 {[%emt 0:00:00]} (55. Bc8 $142) 55... Ke5 {[%emt 0:00:12]} 56. Bxg4 {[%emt 0:00:00]} Nxg4 {[%emt 0:00:34]} 57. Kb3 {[%emt 0:00:00]} Rg2 {[%emt 0:01:13]} 58. c4 {[%emt 0:00:00]} Kf5 {[%emt 0:00:19]} 59. Rg8 {[%emt 0:00:00]} Re2 {[%emt 0:01:23]} 60. c5 {[%emt 0:00:00]} Re6 {[%emt 0:00:29]} 61. Kb4 {[%emt 0:00:00]} Ne5 {[%emt 0:00:18]} 62. Kb5 {[%emt 0:00:00]} h5 {[%emt 0:00:27]} 63. Rh8 {[%emt 0:00:00]} Kg5 {[%emt 0:00:21]} 64. Rg8+ {[%emt 0:00:00]} Rg6 {[%emt 0:00:38]} 65. Re8 {[%emt 0:00:00]} Kf5 {[%emt 0:00:37]} 66. Rh8 {[%emt 0:00:00]} Rg5 {[%emt 0:00:58]} 67. Kb4 {[%emt 0:00:00]} Kg4 {[%emt 0:00:43]} 68. Kc3 $19 {[%emt 0:00:00]} 0-1

[Event "DFMMLV 2017"]
[Site "Braunfels"]
[Date "2017.06.18"]
[Round "5"]
[White "Mao, Yvonne"]
[Black "Bulmaga, Irina"]
[Result "0-1"]
[WhiteElo "1863"]
[BlackElo "2415"]
[Annotator "TA"]
[PlyCount "80"]
[EventDate "2017.??.??"]
[EventType "team-tourn"]
[EventCountry "GER"]
[SourceTitle "playchess.com"]
[Source "ChessBase"]
[SourceQuality "1"]

{[%evp 22,80,51,38,66,41,57,23,23,0,0,0,0,0,0,0,0,0,0,-14,-17,-33,-13,-59,-31,-69,-65,-72,-62,-79,-81,-85,-81,-89,-82,-83,-90,-90,-91,-117,-92,-102,-98,-98,-114,-160,-149,-235,-229,-228,-201,-198,-198,-274,-279,-275,-274,-541,-541,-29971,-29972]} 1. e4 c5 2. Nf3 d6 3. c4 Nc6 4. d4 cxd4 5. Nxd4 g6 6. Nc3 Bg7 7. Be3 Nf6 8. Be2 O-O 9. O-O Bd7 10. Qd2 Nxd4 11. Bxd4 Qa5 12. Rfd1 {LiveBook: 9 Games. B38: Sicilian: Maroczy Bind with 5...Bg7 and 7...0-0} (12. f3 Rfc8 13. Rfd1 Be6 14. b3 a6 15. Qb2 Nh5 16. Bxg7 Nxg7 17. Nd5 Bxd5 18. Rxd5 Qb6+ 19. Kh1 Ne6 {½-½ (59) Banusz,T (2582)-Tomic,B (2418) Sarajevo 2012}) 12... Rfe8 13. f3 Bc6 14. Nd5 {White is slightly better.} (14. a3 {is interesting.} Nh5 15. g3 Bxd4+ 16. Qxd4 Qb6 17. Qxb6 axb6 18. b4) 14... Qxd2 15. Nxf6+ $146 (15. Rxd2 {is more complex.} Bxd5 16. exd5 a5 17. Be3 a4 18. Rad1) ({Predecessor:} 15. Rxd2 Nxd5 16. cxd5 Bd7 17. Bxg7 Kxg7 18. Rc1 Rec8 19. Rdc2 Rxc2 20. Rxc2 {0-1 (29) Jooste,M-Szabo,M LSS email 2007}) 15... Bxf6 16. Rxd2 Bxd4+ 17. Rxd4 a5 {[%cal Ba7a5,Ba5a4][%mdl 32]} 18. Rc1 Red8 19. Rcd1 Rdc8 20. f4 a4 21. Bg4 Rc7 22. f5 Kg7 23. fxg6 hxg6 24. Rf1 Ra6 25. Re1 Rb6 26. Rd2 Rb4 27. Rc2 Be8 28. Rec1 Kf6 29. Bf3 Rc5 30. Kf2 Ke5 31. Ke3 Bd7 32. h4 Be6 33. Be2 {[#]} b5 $1 {[%mdl 512]} 34. g4 (34. Rh1 $17 {was called for.}) (34. cxb5 Rxc2) 34... bxc4 $19 ({Much less strong is} 34... Bxc4 35. Bd3) 35. h5 gxh5 36. gxh5 c3 $1 {[%cal Rc3b2]} 37. bxc3 (37. Rxc3 $142 Rxc3+ 38. bxc3 Rxe4+ 39. Kf2) 37... Rxe4+ 38. Kf2 Rf4+ 39. Kg3 $2 {[#]} (39. Ke3) 39... Rc8 40. h6 Rg8+ {Precision: White = 33%, Black = 75%.} 0-1